El arpa y la sombra

Historia sobre Cristóbal Colón y su postulación para ser santo por parte del Padre Pío IX y León XVIII. El libro está dividido en tres secciones: El arpa (historia sobre los viajes a América), la mano (parte humana en la que se presentan los errores cometidos) y la sombra (el estigma de sus acciones...

وصف كامل

محفوظ في:
التفاصيل البيبلوغرافية
المؤلف الرئيسي: Carpentier, Alejo
التنسيق: كتاب
اللغة:Undetermined
منشور في: México, Distrito Federal Siglo XXI 1980
الطبعة:8
الموضوعات:
الوسوم: إضافة وسم
لا توجد وسوم, كن أول من يضع وسما على هذه التسجيلة!

MARC

LEADER 00000nam a2200000Ia 4500
008 170316s9999 xx 000 0 und d
040 |a cru BVZT 
090 |a 860 C-17a 
100 |a Carpentier, Alejo  |9 1357 
245 |a El arpa y la sombra 
250 |a 8 
260 |a México, Distrito Federal 
260 |b Siglo XXI 
260 |c 1980 
300 |a 204 páginas 
520 |a Historia sobre Cristóbal Colón y su postulación para ser santo por parte del Padre Pío IX y León XVIII. El libro está dividido en tres secciones: El arpa (historia sobre los viajes a América), la mano (parte humana en la que se presentan los errores cometidos) y la sombra (el estigma de sus acciones). 
650 |a LITERATURA LATINOAMERICANA  |9 15 
999 |c 8485  |d 8485 
942 |c 15 D  |h 860 C-17a  |2 z